International handbook of traumatic stress syndromes /

Bibliographic Details
Main Author: Wilson, John P
Other Authors: Raphael, Beverley
Format: Libro
Language:English
Published: New York Plenum Press 1993
Subjects:
Online Access:

MARC

LEADER 00000cam a2200000 a 4500
001 018292
003 UAHC_CL
005 20170803121615.0
008 010822b xx j 000 1 eng
020 |a 0306437953 
040 |a UAHC_CL  |c UAHC_CL  |d UAHC_CL 
082 0 4 |a 616.85 WIL 
100 1 |a Wilson, John P 
245 1 0 |a International handbook of traumatic stress syndromes /  |c John P. Wilson, Beverley Raphael, eds. 
260 |a New York  |b Plenum Press  |c 1993 
300 |a 1.011 p. 
650 4 |a PSICOLOGIA 
700 1 |a Raphael, Beverley 
900 |a 616.85 WIL 
942 |c BK 
952 |0 0  |1 0  |4 0  |6 616_850000000000000_WIL  |7 0  |8 General  |9 36604  |a BC  |b BC  |c General  |d 2017-08-03  |l 0  |o 616.85 WIL  |p 1300258  |r 2026-01-13 00:00:00  |t 1  |w 2017-08-03  |y BK 
999 |c 18292  |d 18292